000 01560nam a2200253Ia 4500
003 Ost
005 20260507075612.0
008 260507s9999||||xx |||||||||||||| ||und||
040 _cfsecg
041 _aara
082 _a382.0956
100 _aمجموعة خبراء
_eمؤلف
245 0 _aالمعوقات والمشاكل الاجرائية في المنافذ وتأثيرها على حركة التجارة بين الدول العربية /
_c مجموعة خبراء
260 _aالقاهرة:
_bالمنظمة العربية للتنمية الادارية,
_c2000
300 _a434 صفحة؛
_bإيضاحات ؛
_c24 سم
490 _aبحوث ودراسات المنظمة العربية للتنمية الإدارية
504 _a الملاحق ص.408
520 _aالتجارة العربية البينية في ظل قيام منطقة التجارة الحرة العربية الكبرى، الوضع القائم للممارسات والاجراءات عند منافذ العبور، النقل البري وعلاقته بالنوافي الاجرائية في المنافذ الحدودية، الاتفاقات العربية والدولية لتسهيل حركة النقل الدولي والعابر وتنمية التبادل التجاري، النتائج والتوصيات
653 _aالتجارة الدولية
653 _aالتجارة العربية
653 _aالعالم العربي
700 _aلاشين، عبد القادر فتحي
_eمؤلف ثانوي
942 _cكتاب
999 _c45084
_d45084